[Event "Quebec-ch U20"]
[Site "Montreal CAN"]
[Date "2001.05.05"]
[Round "2"]
[White "Roussel-Roozmon, Thomas"]
[Black "Audet-Bouchard, Nicolas"]
[Result "1/2-1/2"]
[WhiteElo "2206"]
[BlackElo "2060"]
[PlyCount "33"]
[EventDate "2001.05.04"]
[EventType "tourn"]
[EventRounds "5"]
[EventCountry "CAN"]

1. d4 Nf6 2. c4 e6 3. Nc3 Bb4 4. Qc2 c5 5. dxc5 Nc6 6. Nf3 Bxc5 7. Bg5 h6 8.
Bh4 g5 9. Bg3 Nh5 10. e3 f5 11. Be2 Qf6 12. Nd2 Nxg3 13. hxg3 b6 14. a3 Bb7 15.
Rd1 Ne5 16. b4 Be7 17. Nf3 1/2-1/2

[Event "Quebec-ch U20"]
[Site "Montreal CAN"]
[Date "2001.05.05"]
[Round "3"]
[White "Feoktistov, Dmitri"]
[Black "Roussel-Roozmon, Thomas"]
[Result "0-1"]
[WhiteElo "2014"]
[BlackElo "2206"]
[PlyCount "114"]
[EventDate "2001.05.04"]
[EventType "tourn"]
[EventRounds "5"]
[EventCountry "CAN"]

1. d4 Nf6 2. Nf3 e6 3. e3 b6 4. Be2 Bb7 5. O-O g6 6. b3 Bg7 7. Bb2 O-O 8. c4 d6
9. Nc3 Nbd7 10. Nd2 Re8 11. Bf3 Qc8 12. Rc1 e5 13. Qc2 Bxf3 14. Nxf3 Nh5 15.
Na4 c6 16. Rfd1 e4 17. Nd2 f5 18. Re1 Qd8 19. f3 exf3 20. Nxf3 Bh6 21. Qd3 Qe7
22. Rc3 Ndf6 23. Bc1 Ne4 24. Rc2 Rf8 25. Ba3 c5 26. Bc1 Rae8 27. Nb2 g5 28. Nd1
g4 29. Nd2 Qh4 30. Rf1 Qe7 31. Re1 Nhf6 32. Nf1 Rd8 33. Nc3 Nxc3 34. Qxc3 Ne4
35. Qd3 Bg7 36. Bb2 Kh8 37. d5 Be5 38. Bxe5+ dxe5 39. Rce2 Rf6 40. Ng3 Nd6 41.
Rf2 Rdf8 42. Ref1 Qf7 43. Qc3 Qe8 44. Qb2 Kg8 45. Qe2 h5 46. Qc2 Qg6 47. Re2 h4
48. Nh1 g3 49. hxg3 hxg3 50. Rf3 Ne4 51. Qc1 Kf7 52. Qe1 Rg8 53. Rb2 Qg5 54.
Kf1 Rh6 55. Ke2 Rh2 56. Qg1 Qh5 57. Qf1 Kf6 0-1

[Event "Quebec-ch U20"]
[Site "Montreal CAN"]
[Date "2001.05.06"]
[Round "4"]
[White "Roussel-Roozmon, Thomas"]
[Black "Masse, Hugues"]
[Result "1-0"]
[WhiteElo "2206"]
[BlackElo "2210"]
[PlyCount "153"]
[EventDate "2001.05.04"]
[EventType "tourn"]
[EventRounds "5"]
[EventCountry "CAN"]

1. e4 d5 2. exd5 Qxd5 3. Nc3 Qa5 4. d4 Nf6 5. Bd2 c6 6. Nf3 Bf5 7. Bc4 e6 8.
O-O Qc7 9. Re1 b5 10. Bb3 b4 11. Ne2 Bd6 12. Ng3 Bg6 13. Ne5 O-O 14. h4 Nbd7
15. h5 Bf5 16. Nxf5 exf5 17. Nxd7 Qxd7 18. Qf3 Ne4 19. Bf4 Bxf4 20. Qxf4 Nf6
21. h6 Nd5 22. Qg5 f6 23. Qxg7+ Qxg7 24. hxg7 Kxg7 25. Re6 Rac8 26. Rae1 Rf7
27. Rd6 Rfc7 28. Kf1 Rf8 29. Ba4 Rfc8 30. Ree6 Nb6 31. Bxc6 Nc4 32. Rd7+ Rxd7
33. Bxd7 Nd2+ 34. Ke1 Rxc2 35. Re2 Rc7 36. Kxd2 Rxd7 37. Kd3 f4 38. f3 a5 39.
Kc4 Rc7+ 40. Kb5 Rd7 41. Kc5 Rc7+ 42. Kd6 Rc1 43. d5 Kf8 44. b3 Rc3 45. Rd2 Re3
46. Kd7 h5 47. d6 h4 48. Kc7 Rc3+ 49. Kb6 Ke8 50. Kxa5 h3 51. gxh3 Rxf3 52.
Kxb4 Rxh3 53. a4 Kd7 54. a5 f3 55. a6 f2 56. Rxf2 Kxd6 57. Rxf6+ Kc7 58. Ka4
Rh1 59. b4 Ra1+ 60. Kb5 Rh1 61. Rf7+ Kb8 62. Kc4 Rc1+ 63. Kb5 Rh1 64. Rf6 Ka7
65. Rc6 Rh5+ 66. Rc5 Rh6 67. Rc7+ Kb8 68. Rc6 Rh4 69. Ka5 Rh1 70. Kb6 Rh8 71.
b5 Ka8 72. Ka5 Rh5 73. Kb6 Rh8 74. Rc5 Rh6+ 75. Ka5 Rh1 76. Rc8+ Ka7 77. b6#
1-0

[Event "Quebec-ch U20"]
[Site "Montreal CAN"]
[Date "2001.05.06"]
[Round "5"]
[White "Lawson, Eric"]
[Black "Roussel-Roozmon, Thomas"]
[Result "1/2-1/2"]
[WhiteElo "2075"]
[BlackElo "2206"]
[PlyCount "52"]
[EventDate "2001.05.04"]
[EventType "tourn"]
[EventRounds "5"]
[EventCountry "CAN"]

1. e4 e5 2. d4 exd4 3. Qxd4 Nc6 4. Qe3 Nf6 5. Nc3 Bb4 6. Bd2 Qe7 7. O-O-O Bxc3
8. Qxc3 d6 9. Qg3 Rg8 10. f3 Bd7 11. Ne2 O-O-O 12. Nf4 g5 13. Nd5 Nxd5 14. exd5
Ne5 15. h4 h6 16. hxg5 hxg5 17. Rh5 f6 18. Qf2 Kb8 19. Be3 b6 20. Ba6 Rh8 21.
Rxh8 Rxh8 22. b3 Bc8 23. Bxc8 Kxc8 24. a4 a5 25. Kb2 Rh4 26. g3 Rh3 1/2-1/2

[Event "Match"]
[Site "Laval QC CAN"]
[Date "2001.03.24"]
[Round "1"]
[White "Laplante, Sylvain"]
[Black "Roussel-Roozmon, Thomas"]
[Result "0-1"]
[WhiteElo "1860"]
[BlackElo "2206"]
[PlyCount "88"]
[EventDate "2001.03.24"]
[EventType "match"]
[EventRounds "2"]
[EventCountry "CAN"]

1. e4 e5 2. Bc4 Nf6 3. d3 Bc5 4. c3 O-O 5. Nf3 Re8 6. O-O c6 7. Bg5 h6 8. Bh4
d6 9. d4 Bb6 10. Qb3 Be6 11. dxe5 Bxc4 12. Qxc4 dxe5 13. Nbd2 Nbd7 14. h3 Qe7
15. Qe2 Bc7 16. Nh2 Qe6 17. Rfe1 g6 18. Bxf6 Nxf6 19. Ng4 Nxg4 20. hxg4 Rad8
21. Nc4 Rd7 22. Rad1 Red8 23. Rxd7 Rxd7 24. b3 b5 25. Ne3 Bb6 26. Nf1 Qd6 27.
Qc2 Qd3 28. Qc1 Kh7 29. Qb2 Ba5 30. Re3 Qd1 31. g5 hxg5 32. Rh3+ Kg7 33. c4 Qd4
34. Qe2 bxc4 35. bxc4 Bb6 36. Rg3 Qd1 37. Qb2 Bd4 38. Qb8 Qe1 39. Rh3 Qxf2+ 40.
Kh2 Qf4+ 41. Ng3 Kf6 42. Qh8+ Ke7 43. Qc8 Bf2 44. Qxc6 g4 0-1

[Event "Match"]
[Site "Laval QC CAN"]
[Date "2001.03.28"]
[Round "2"]
[White "Roussel-Roozmon, Thomas"]
[Black "Laplante, Sylvain"]
[Result "1-0"]
[WhiteElo "2206"]
[BlackElo "1860"]
[PlyCount "43"]
[EventDate "2001.03.24"]
[EventType "match"]
[EventRounds "2"]
[EventCountry "CAN"]

1. d4 Nf6 2. c4 g6 3. f3 d5 4. cxd5 Nxd5 5. e4 Nb6 6. Nc3 Bg7 7. Be3 Nc6 8.
Nge2 Nc4 9. Bf2 Nxb2 10. Qc2 Nc4 11. Rd1 O-O 12. g3 Bh6 13. Nf4 Nb6 14. Bb5 Nb4
15. Qb3 a5 16. a3 Na6 17. d5 Nd7 18. Nd3 Bg7 19. f4 c6 20. dxc6 bxc6 21. Bxc6
Qc7 22. Nd5 1-0

[Event "Mauricie op"]
[Site "Trois-Rivieres CAN"]
[Date "2001.03.16"]
[Round "1"]
[White "Roussel-Roozmon, Thomas"]
[Black "Auger, Bertrand"]
[Result "1/2-1/2"]
[WhiteElo "2206"]
[BlackElo "1989"]
[PlyCount "50"]
[EventDate "2001.03.16"]
[EventType "swiss"]
[EventRounds "5"]
[EventCountry "CAN"]

1. d4 e6 2. c4 Nf6 3. Nc3 d5 4. Bg5 Nbd7 5. Nf3 c6 6. e3 Qa5 7. Qc2 Bb4 8. Nd2
O-O 9. Bxf6 Nxf6 10. Bd3 Re8 11. g4 e5 12. g5 e4 13. gxf6 exd3 14. Qxd3 dxc4
15. Nxc4 Qd5 16. O-O-O Bxc3 17. Rhg1 Bxb2+ 18. Kxb2 g6 19. Ne5 Be6 20. h4 Qxa2+
21. Kc1 Bb3 22. h5 Qa3+ 23. Kd2 Qb4+ 24. Kc1 Qa3+ 25. Kd2 Qb4+ 1/2-1/2

[Event "Mauricie op"]
[Site "Trois-Rivieres CAN"]
[Date "2001.03.17"]
[Round "2"]
[White "Angers, Gilles"]
[Black "Roussel-Roozmon, Thomas"]
[Result "1/2-1/2"]
[WhiteElo "1970"]
[BlackElo "2206"]
[PlyCount "22"]
[EventDate "2001.03.16"]
[EventType "swiss"]
[EventRounds "5"]
[EventCountry "CAN"]

1. e4 e5 2. Nf3 Nc6 3. Bb5 a6 4. Ba4 Nf6 5. O-O Nxe4 6. d4 b5 7. Bb3 d5 8. dxe5
Be6 9. a4 Nc5 10. axb5 Nxb3 11. cxb3 Nb4 1/2-1/2

[Event "Mauricie op"]
[Site "Trois-Rivieres CAN"]
[Date "2001.03.17"]
[Round "3"]
[White "Roussel-Roozmon, Thomas"]
[Black "Boulay, David"]
[Result "1/2-1/2"]
[WhiteElo "2206"]
[BlackElo "2103"]
[PlyCount "101"]
[EventDate "2001.03.16"]
[EventType "swiss"]
[EventRounds "5"]
[EventCountry "CAN"]

1. d4 Nf6 2. c4 g6 3. f3 c5 4. d5 d6 5. Nc3 Bg7 6. e4 O-O 7. Bd3 e6 8. Nge2
exd5 9. cxd5 Na6 10. O-O Nc7 11. b3 Rb8 12. a4 Bd7 13. Bb2 a6 14. Qc2 b5 15.
axb5 axb5 16. Kh1 Qc8 17. Nd1 Na6 18. Ne3 Nb4 19. Qd2 Nxd3 20. Qxd3 Re8 21. Ra2
Ra8 22. Rfa1 Rxa2 23. Rxa2 Qb7 24. Qb1 Ra8 25. Qa1 Rxa2 26. Qxa2 Be8 27. Qa1
Qe7 28. Ng3 Bd7 29. Kg1 h5 30. Kf2 h4 31. Ne2 Kh7 32. Nc1 Qd8 33. Nd3 c4 34.
bxc4 bxc4 35. Ne1 Qh8 36. Kg1 Qd8 37. N1c2 Bb5 38. Kf2 Qh8 39. Kg1 Qd8 40. Na3
Ba6 41. Naxc4 Bxc4 42. Nxc4 Nh5 43. Bxg7 Nxg7 44. e5 Qc7 45. Qd4 Nf5 46. exd6
Qc8 47. Qe4 Qc5+ 48. Kf1 Nd4 49. Nd2 Nf5 50. d7 Qb5+ 51. Ke1 1/2-1/2

[Event "Mauricie op"]
[Site "Trois-Rivieres CAN"]
[Date "2001.03.18"]
[Round "4"]
[White "Paradis, Sylvain"]
[Black "Roussel-Roozmon, Thomas"]
[Result "0-1"]
[WhiteElo "1945"]
[BlackElo "2206"]
[PlyCount "72"]
[EventDate "2001.03.16"]
[EventType "swiss"]
[EventRounds "5"]
[EventCountry "CAN"]

1. Nf3 Nf6 2. c4 e6 3. d4 Bb4+ 4. Nc3 c5 5. a3 Bxc3+ 6. bxc3 Nc6 7. g3 d6 8.
Qc2 e5 9. d5 Ne7 10. e4 O-O 11. Bg2 Nh5 12. O-O f5 13. Ng5 f4 14. Qe2 g6 15.
Nf3 Qe8 16. Ne1 g5 17. g4 Nf6 18. h3 Kg7 19. Nd3 Rh8 20. f3 h5 21. Kf2 Bd7 22.
Ke1 a6 23. Rg1 b5 24. Nf2 Nc8 25. Bf1 Nb6 26. cxb5 Bxb5 27. Qc2 Bxf1 28. Rxf1
Qa4 29. Qxa4 Nxa4 30. Bd2 hxg4 31. hxg4 Rab8 32. Ke2 Rb2 33. Rfb1 Nxc3+ 34. Kd3
Nxb1 35. Be1 Rhb8 36. Kc4 Nd7 0-1

[Event "Quebec-ch U14"]
[Site "Montreal CAN"]
[Date "2001.03.09"]
[Round "1"]
[White "Feoktistov, Dmitri"]
[Black "Roussel-Roozmon, Thomas"]
[Result "1/2-1/2"]
[WhiteElo "2007"]
[BlackElo "2220"]
[PlyCount "59"]
[EventDate "2001.03.09"]
[EventType "tourn"]
[EventRounds "5"]
[EventCountry "CAN"]

1. d4 Nf6 2. c4 e6 3. Nf3 Bb4+ 4. Bd2 Qe7 5. a3 Bxd2+ 6. Qxd2 O-O 7. Nc3 d6 8.
e3 e5 9. dxe5 dxe5 10. O-O-O Bf5 11. Nh4 Be6 12. g3 Nbd7 13. Qc2 Nb6 14. Ne4
Rad8 15. Bd3 Nxe4 16. Bxe4 g6 17. Bd3 a5 18. Nf3 Qc5 19. Nd2 a4 20. Ne4 Qc6 21.
Nd2 Rd7 22. c5 Nd5 23. e4 Ne7 24. Qc3 f6 25. Bc2 Ra8 26. Nb1 Rxd1+ 27. Rxd1 b6
28. cxb6 Qxb6 29. Qf3 Rb8 30. Qc3 1/2-1/2

[Event "Quebec-ch U14"]
[Site "Montreal CAN"]
[Date "2001.03.10"]
[Round "2"]
[White "Ramaswamy, Kishor"]
[Black "Roussel-Roozmon, Thomas"]
[Result "0-1"]
[WhiteElo "1909"]
[BlackElo "2220"]
[PlyCount "112"]
[EventDate "2001.03.09"]
[EventType "tourn"]
[EventRounds "5"]
[EventCountry "CAN"]

1. d4 Nf6 2. Nf3 e6 3. Bg5 h6 4. Bh4 b6 5. Nbd2 Bb7 6. e3 d6 7. c3 Nbd7 8. Bc4
g5 9. Bg3 Nh5 10. Qc2 Qe7 11. e4 Bg7 12. O-O-O O-O-O 13. Rhe1 Kb8 14. Kb1 Nxg3
15. hxg3 Nf8 16. a3 Ng6 17. Ng1 h5 18. Nh3 c5 19. dxc5 dxc5 20. f4 g4 21. Nf2
h4 22. gxh4 Nxf4 23. g3 Nh5 24. Nf1 Be5 25. Nxg4 Bxg3 26. Nxg3 Nxg3 27. Qh2
Rxd1+ 28. Rxd1 Qxh4 29. Qxh4 Bxe4+ 30. Bd3 Rxh4 31. Bxe4 Rxg4 32. Bc6 e5 33.
Rd7 Rf4 34. Rb7+ Kc8 35. Rxa7 e4 36. Re7 f5 37. b4 Rf3 38. Kc2 cxb4 39. axb4
Ne2 40. b5 Nxc3 41. Rb7 Na4 42. Rf7 Nc5 43. Kd2 f4 44. Ke2 Re3+ 45. Kd2 Rd3+
46. Ke2 f3+ 47. Kf2 Rd2+ 48. Ke3 Re2+ 49. Kd4 f2 50. Ke5 e3 51. Rf8+ Kc7 52.
Rf7+ Kd8 53. Bd5 Rd2 54. Kd6 Rxd5+ 55. Kxd5 e2 56. Rxf2 e1=Q 0-1

[Event "Quebec-ch U14"]
[Site "Montreal CAN"]
[Date "2001.03.10"]
[Round "3"]
[White "Roussel-Roozmon, Thomas"]
[Black "Neron-Grondin, Guillaume"]
[Result "1-0"]
[WhiteElo "2220"]
[BlackElo "1165"]
[PlyCount "51"]
[EventDate "2001.03.09"]
[EventType "tourn"]
[EventRounds "5"]
[EventCountry "CAN"]

1. d4 Nf6 2. c4 e6 3. Nc3 Bb4 4. Qc2 c5 5. dxc5 Bxc5 6. Nf3 Nc6 7. Bg5 h6 8.
Bh4 Be7 9. e4 Qa5 10. Be2 O-O 11. O-O Nh5 12. Bxe7 Nxe7 13. Qd2 Rd8 14. Rfe1 d5
15. Nxd5 Qc5 16. b4 Qd6 17. c5 Qd7 18. Ne5 Qe8 19. Bxh5 Ng6 20. Bxg6 fxg6 21.
Rad1 exd5 22. exd5 Be6 23. Nc4 Rxd5 24. Rxe6 Rxd2 25. Rxe8+ Rxe8 26. Nxd2 1-0

[Event "Quebec-ch U14"]
[Site "Montreal CAN"]
[Date "2001.03.11"]
[Round "4"]
[White "Clyde, Jordan"]
[Black "Roussel-Roozmon, Thomas"]
[Result "1/2-1/2"]
[WhiteElo "1742"]
[BlackElo "2220"]
[PlyCount "105"]
[EventDate "2001.03.09"]
[EventType "tourn"]
[EventRounds "5"]
[EventCountry "CAN"]

1. Nf3 g6 2. g3 Bg7 3. Bg2 c5 4. O-O Nc6 5. Re1 e6 6. d3 Nge7 7. e3 O-O 8. c3
b6 9. d4 d5 10. Na3 Bb7 11. Nc2 Qc7 12. Nd2 e5 13. Nb3 Qd6 14. Bd2 Rad8 15. f4
exd4 16. exd4 Nf5 17. Be3 Nxe3 18. Rxe3 Ne7 19. Re1 h5 20. Bh3 Ba6 21. Ne3 Nc6
22. Bg2 cxd4 23. Nxd4 Nxd4 24. cxd4 Qb4 25. Qb3 Qxd4 26. Rad1 Qxb2 27. Nxd5
Qxb3 28. axb3 Rfe8 29. Rxe8+ Rxe8 30. Nc7 Be2 31. Nxe8 Bxd1 32. Nxg7 Kxg7 33.
Bd5 Kf6 34. Kf2 Bg4 35. b4 Be6 36. Bc6 Bb3 37. Ke3 a5 38. bxa5 bxa5 39. Kd3 a4
40. Kc3 Kf5 41. Bf3 Ke6 42. Kb4 Kd6 43. h3 Ke6 44. Be4 Kf6 45. Bd3 Kg7 46. Be2
Kh6 47. Bf3 Be6 48. g4 hxg4 49. hxg4 Bb3 50. g5+ Kg7 51. Be4 f5 52. gxf6+ Kxf6
53. Bxg6 1/2-1/2

[Event "Quebec-ch U14"]
[Site "Montreal CAN"]
[Date "2001.03.11"]
[Round "5"]
[White "Roussel-Roozmon, Thomas"]
[Black "Ouellet-Leveille, Clement"]
[Result "1-0"]
[WhiteElo "2220"]
[BlackElo "1912"]
[PlyCount "57"]
[EventDate "2001.03.09"]
[EventType "tourn"]
[EventRounds "5"]
[EventCountry "CAN"]

1. d4 Nf6 2. c4 e6 3. Nc3 Bb4 4. Qc2 O-O 5. a3 Bxc3+ 6. Qxc3 b6 7. f3 Bb7 8.
Bg5 d5 9. e3 Nbd7 10. Nh3 c5 11. Rd1 h6 12. Bh4 Ne4 13. Bxd8 Nxc3 14. bxc3
Rfxd8 15. cxd5 cxd4 16. dxe6 fxe6 17. exd4 Rac8 18. Kd2 Nc5 19. Bc4 Ne4+ 20.
fxe4 Rxc4 21. Rhe1 Rdc8 22. Re3 Ra4 23. Ra1 g5 24. Nf2 b5 25. Nd3 Ra6 26. Nc5
Rb6 27. Rf3 Rf8 28. Rxf8+ Kxf8 29. Nd7+ 1-0

[Event "Carnaval"]
[Site "Quebec CAN"]
[Date "2001.02.09"]
[Round "1"]
[White "Audet-Bouchard, Nicolas"]
[Black "Roussel-Roozmon, Thomas"]
[Result "1/2-1/2"]
[WhiteElo "1970"]
[BlackElo "2216"]
[PlyCount "42"]
[EventDate "2001.02.09"]
[EventType "swiss"]
[EventRounds "5"]
[EventCountry "CAN"]

1. e4 c6 2. d4 d5 3. e5 Bf5 4. Nf3 e6 5. Be2 Nd7 6. O-O c5 7. c4 dxc4 8. Bxc4
Bg4 9. Be3 Nh6 10. Nbd2 Nf5 11. h3 Bxf3 12. Nxf3 cxd4 13. Bxd4 Be7 14. Bc3 O-O
15. Qe2 Qb6 16. Rfd1 Rfd8 17. Nd4 Nxd4 18. Rxd4 Bc5 19. Rd2 Nf8 20. Rad1 Rdc8
21. Bb3 Rc7 1/2-1/2

[Event "Carnaval"]
[Site "Quebec CAN"]
[Date "2001.02.10"]
[Round "2"]
[White "Roussel-Roozmon, Thomas"]
[Black "Rouleau, Paul"]
[Result "1-0"]
[WhiteElo "2216"]
[BlackElo "1889"]
[PlyCount "59"]
[EventDate "2001.02.09"]
[EventType "swiss"]
[EventRounds "5"]
[EventCountry "CAN"]

1. d4 Nf6 2. c4 e6 3. Nc3 Bb4 4. Qc2 O-O 5. a3 Bxc3+ 6. Qxc3 b6 7. f3 d5 8. Bg5
Bb7 9. cxd5 exd5 10. e3 Nbd7 11. Bd3 Re8 12. Bf5 Nf8 13. Rc1 c5 14. Ne2 Ne4 15.
Bxd8 Nxc3 16. Rxc3 Raxd8 17. Kf2 g6 18. Bb1 Ne6 19. Rd1 Ba6 20. Bd3 c4 21. Bb1
b5 22. b4 Bb7 23. Rc2 Ra8 24. Nc3 Nc7 25. Rb2 a6 26. e4 f6 27. h4 Rad8 28. g3
Ne6 29. Rbd2 Kf7 30. Bc2 1-0

[Event "Carnaval"]
[Site "Quebec CAN"]
[Date "2001.02.10"]
[Round "3"]
[White "Roussel-Roozmon, Thomas"]
[Black "Lawson, Eric"]
[Result "1-0"]
[WhiteElo "2216"]
[BlackElo "2026"]
[PlyCount "115"]
[EventDate "2001.02.09"]
[EventType "swiss"]
[EventRounds "5"]
[EventCountry "CAN"]

1. d4 Nf6 2. c4 e6 3. Nc3 Bb4 4. Qc2 c5 5. dxc5 Bxc5 6. Nf3 Qb6 7. e3 Qc7 8.
Be2 a6 9. O-O b6 10. a3 Bb7 11. b4 Be7 12. Bb2 d6 13. Rfd1 Nbd7 14. Rac1 Rc8
15. e4 O-O 16. Bd3 Qb8 17. Qe2 Ne5 18. Nxe5 dxe5 19. Qe3 Nd7 20. f3 Rfd8 21.
Be2 Bc6 22. Rb1 h6 23. Qf2 Kf8 24. Bc1 Qa8 25. Be3 Rb8 26. Bd3 b5 27. c5 Nf6
28. Qe2 Nh5 29. g3 f5 30. Rf1 f4 31. Bf2 Rd7 32. a4 Qb7 33. axb5 Bxb5 34. Nxb5
axb5 35. Ra1 Bd8 36. Ra3 g5 37. g4 Nf6 38. Rfa1 Ne8 39. Ra6 Rc7 40. Rb6 Qc8 41.
Rxb5 Be7 42. Rxb8 Qxb8 43. Ra4 Ra7 44. Qa2 Rd7 45. Qc4 Nc7 46. b5 Rxd3 47. Qxd3
Qxb5 48. Qxb5 Nxb5 49. Ra8+ Kf7 50. c6 Bd6 51. Ra5 Nd4 52. Ra7+ Ke8 53. Bxd4
exd4 54. Rd7 Bc5 55. Kf1 Bb6 56. Ke2 e5 57. Kd3 Bd8 58. Rh7 1-0

[Event "Carnaval"]
[Site "Quebec CAN"]
[Date "2001.02.11"]
[Round "4"]
[White "Masse, Hugues"]
[Black "Roussel-Roozmon, Thomas"]
[Result "1/2-1/2"]
[WhiteElo "2044"]
[BlackElo "2216"]
[PlyCount "36"]
[EventDate "2001.02.09"]
[EventType "swiss"]
[EventRounds "5"]
[EventCountry "CAN"]

1. e4 e5 2. Nc3 Nf6 3. Bc4 Bc5 4. d3 c6 5. f4 d5 6. exd5 Ng4 7. Ne4 Bxg1 8.
Rxg1 Qh4+ 9. Kd2 O-O 10. h3 f5 11. dxc6+ Kh8 12. g3 Qxh3 13. Ng5 Qh2+ 14. Kc3
Qf2 15. Nf7+ Rxf7 16. Bxf7 Qc5+ 17. Kb3 Qb5+ 18. Ka3 Qa5+ 1/2-1/2

[Event "Pere Noel"]
[Site "Montreal CAN"]
[Date "2000.12.26"]
[Round "1"]
[White "Rousseau, Daniel"]
[Black "Roussel-Roozmon, Thomas"]
[Result "1/2-1/2"]
[WhiteElo "2080"]
[BlackElo "2220"]
[PlyCount "88"]
[EventDate "2000.12.26"]
[EventType "swiss"]
[EventRounds "5"]
[EventCountry "CAN"]

1. e4 e5 2. Nf3 Nc6 3. Bb5 a6 4. Ba4 Nf6 5. O-O Nxe4 6. d4 b5 7. Bb3 d5 8. dxe5
Be6 9. c3 Be7 10. Nbd2 Nc5 11. Bc2 Bg4 12. h3 Bh5 13. g4 Bg6 14. Nd4 Nxe5 15.
f4 Bxc2 16. Qxc2 Ng6 17. f5 Ne5 18. Re1 Qd6 19. a4 bxa4 20. Nf1 Ned3 21. Bg5
Nxe1 22. Rxe1 Ne4 23. Rxe4 dxe4 24. Qxe4 Rd8 25. f6 gxf6 26. Nf5 Qc5+ 27. Be3
Qe5 28. Qc6+ Rd7 29. Bd4 Qb5 30. Nxe7 Qxc6 31. Nxc6 Rd6 32. Nb4 Kd7 33. Ne3 Rb8
34. Nd3 Rb5 35. Nf5 Rdd5 36. Ne3 Rd6 37. Nc4 Rxd4 38. cxd4 Kc6 39. Kf2 Kd5 40.
Na3 Rb8 41. Nc2 Kc4 42. Ke3 Rb3 43. Na3+ Kd5 44. Nc2 Kc4 1/2-1/2

[Event "Pere Noel"]
[Site "Montreal CAN"]
[Date "2000.12.27"]
[Round "2"]
[White "Roussel-Roozmon, Thomas"]
[Black "Prahov, Valentin"]
[Result "1-0"]
[WhiteElo "2220"]
[BlackElo "2198"]
[PlyCount "125"]
[EventDate "2000.12.26"]
[EventType "swiss"]
[EventRounds "5"]
[EventCountry "CAN"]

1. d4 Nf6 2. c4 g6 3. Nc3 d5 4. cxd5 Nxd5 5. Bd2 Bg7 6. e4 Nxc3 7. Bxc3 O-O 8.
Bc4 c5 9. Ne2 cxd4 10. Bxd4 Nc6 11. Bxg7 Kxg7 12. O-O Na5 13. Bd3 Be6 14. Nf4
Bc4 15. Bxc4 Nxc4 16. Nd5 Kg8 17. Rc1 Nb6 18. Ne3 Rc8 19. Rxc8 Qxc8 20. Qd4 Rd8
21. Qb4 Qd7 22. h3 Qd6 23. Qa5 Qb8 24. Ng4 h5 25. Nh6+ Kf8 26. Qg5 Nc4 27. f4
Nd2 28. f5 Nxe4 29. Qh4 Qe5 30. fxg6 Nf6 31. Nxf7 Qd4+ 32. Qxd4 Rxd4 33. Ng5
Rd6 34. Re1 Kg7 35. Rxe7+ Kxg6 36. Nf7 Rb6 37. Ne5+ Kf5 38. Nc4 Rb4 39. Nd6+
Kf4 40. Rxb7 Rd4 41. Nb5 Rb4 42. b3 a6 43. Rf7 Ke5 44. Na3 Ke6 45. Rc7 Rd4 46.
Rc6+ Rd6 47. Rxd6+ Kxd6 48. Kf2 Kc5 49. Nc2 Ne4+ 50. Kf3 Nc3 51. a4 Nb1 52. Kf4
a5 53. Kg5 Nd2 54. Na1 Kd4 55. Kxh5 Kc3 56. g4 Kb2 57. g5 Kxa1 58. g6 Ne4 59.
g7 Nf6+ 60. Kg6 Ng8 61. h4 Kb2 62. h5 Kxb3 63. h6 1-0

[Event "Pere Noel"]
[Site "Montreal CAN"]
[Date "2000.12.28"]
[Round "3"]
[White "Plante, Michel"]
[Black "Roussel-Roozmon, Thomas"]
[Result "0-1"]
[WhiteElo "1968"]
[BlackElo "2220"]
[PlyCount "108"]
[EventDate "2000.12.26"]
[EventType "swiss"]
[EventRounds "5"]
[EventCountry "CAN"]

1. d4 Nf6 2. Nf3 e6 3. e3 b6 4. Bd3 Bb7 5. Nbd2 c5 6. O-O Be7 7. b3 O-O 8. Bb2
d6 9. c4 Nbd7 10. Ng5 Rc8 11. f4 h6 12. Ngf3 Qc7 13. Rc1 Qb8 14. Qe2 Qa8 15. f5
Ne4 16. Bb1 Ndf6 17. fxe6 fxe6 18. Qd3 Rf7 19. Nh4 Nxd2 20. Qxd2 Ne4 21. Bxe4
Rxf1+ 22. Rxf1 Bxe4 23. Qf2 Rf8 24. Qg3 Rxf1+ 25. Kxf1 Bxh4 26. Qxh4 Bxg2+ 27.
Kg1 Qf3 28. Qf2 Qxf2+ 29. Kxf2 Be4 30. dxc5 bxc5 31. Ke2 Bb1 32. Kd2 Bxa2 33.
Kc2 a5 34. Bc3 a4 35. b4 cxb4 36. Bxb4 Bxc4 37. Bxd6 Kf7 38. Kc3 Bb3 39. Kd4
Kf6 40. Be5+ Kg6 41. Ke4 a3 42. Kf4 a2 43. Bc3 Kf7 44. h4 Kg6 45. Kg4 Bd1+ 46.
Kf4 Kh5 47. Kg3 g5 48. hxg5 Kxg5 49. e4 h5 50. Bd2+ Kf6 51. Bc3+ Ke7 52. Be5
Kd7 53. Kf2 h4 54. Kg2 Bg4 0-1

[Event "Pere Noel"]
[Site "Montreal CAN"]
[Date "2000.12.29"]
[Round "4"]
[White "Roussel-Roozmon, Thomas"]
[Black "Nunez, Omar"]
[Result "1/2-1/2"]
[WhiteElo "2220"]
[BlackElo "2003"]
[PlyCount "84"]
[EventDate "2000.12.26"]
[EventType "swiss"]
[EventRounds "5"]
[EventCountry "CAN"]

1. d4 f5 2. g3 Nf6 3. Bg2 d6 4. Nf3 c6 5. O-O Qc7 6. c4 e5 7. dxe5 dxe5 8. b3
Be7 9. Bb2 e4 10. Nd4 O-O 11. Qc1 Na6 12. Rd1 Nc5 13. b4 Na4 14. c5 Nxb2 15.
Qxb2 f4 16. Nd2 e3 17. fxe3 fxg3 18. h3 Qe5 19. e4 Qh5 20. Qb3+ Kh8 21. Qxg3 a5
22. a3 Qh6 23. e3 Nh5 24. Qe1 Bg5 25. Nc4 axb4 26. axb4 Rxa1 27. Rxa1 Be6 28.
Nxe6 Qxe6 29. Rc1 Qe7 30. Rc2 Bh4 31. Qd1 g6 32. Qd6 Qg7 33. Qd4 Bf6 34. e5 Be7
35. Nd6 Ng3 36. e4 Nh5 37. Rf2 Nf4 38. Kh2 Ne6 39. Rxf8+ Bxf8 40. Qb2 b6 41.
Qc3 bxc5 42. bxc5 Qa7 1/2-1/2

[Event "Pere Noel"]
[Site "Montreal CAN"]
[Date "2000.12.30"]
[Round "5"]
[White "Mikanovic, Goran"]
[Black "Roussel-Roozmon, Thomas"]
[Result "1-0"]
[WhiteElo "2340"]
[BlackElo "2220"]
[PlyCount "55"]
[EventDate "2000.12.26"]
[EventType "swiss"]
[EventRounds "5"]
[EventCountry "CAN"]

1. d4 Nf6 2. c4 e6 3. Nc3 Bb4 4. Qc2 c5 5. dxc5 O-O 6. a3 Bxc5 7. Nf3 b6 8. Bg5
Bb7 9. e4 Be7 10. Be2 d6 11. O-O Nbd7 12. Rad1 a6 13. Rd2 Qc7 14. Rfd1 Rfe8 15.
Bf4 Ne5 16. Nxe5 dxe5 17. Be3 Red8 18. b4 Rxd2 19. Rxd2 a5 20. Qb1 axb4 21.
axb4 Bc6 22. f3 Ra3 23. Qb2 Qa7 24. Rd1 Nd7 25. c5 Kf8 26. b5 Nxc5 27. bxc6 Na4
28. Rd8+ 1-0

[Event "Lac Beauport"]
[Site "Lac Beauport CAN"]
[Date "2000.11.10"]
[Round "1"]
[White "Audet-Bouchard, Nicolas"]
[Black "Roussel-Roozmon, Thomas"]
[Result "0-1"]
[WhiteElo "1863"]
[BlackElo "2108"]
[PlyCount "76"]
[EventDate "2000.11.10"]
[EventType "swiss"]
[EventRounds "5"]
[EventCountry "CAN"]

1. e4 e5 2. f4 exf4 3. Bc4 h6 4. Nf3 d6 5. d4 g5 6. O-O Bg7 7. Nc3 Nc6 8. b3 g4
9. Bxf4 gxf3 10. Qxf3 Bxd4+ 11. Kh1 Be6 12. Bxe6 fxe6 13. Bxd6 Qxd6 14. Nb5 Qe7
15. Qh5+ Kd8 16. Rad1 Nf6 17. Qg6 Rg8 18. Qxf6 Qxf6 19. Rxf6 Ke7 20. Rxh6 Bg7
21. Rh7 a6 22. Nd4 Nxd4 23. Rxd4 Rad8 24. Rd3 Rxd3 25. cxd3 Kd6 26. h4 Be5 27.
h5 Rh8 28. Rxh8 Bxh8 29. Kh2 Ke5 30. Kg3 Bg7 31. Kf3 Bh6 32. g4 c5 33. Kg3 Kf6
34. Kf3 Kg5 35. Kg3 Bg7 36. Kf3 Be5 37. a3 a5 38. a4 b6 0-1